[Event "Lima Palma Memorial U1850 1st"]
[Site "Lima"]
[Date "2018.01.23"]
[Round "3.24"]
[White "Quispe Jorge, Maria Fernanda"]
[Black "Sulca Valenzuela, Luis Alberto"]
[Result "1-0"]
[WhiteElo "1118"]
[BlackElo "1004"]
[PlyCount "35"]
[EventDate "2018.01.23"]
[EventType "swiss"]
[EventRounds "8"]
[EventCountry "PER"]
[SourceTitle "EXT 2024"]
[Source "ChessBase"]
[SourceDate "2023.10.10"]
[SourceVersion "1"]
[SourceVersionDate "2023.10.10"]
[SourceQuality "1"]

1. d4 d5 2. Bf4 Nc6 3. Nf3 Nf6 4. Nc3 b6 5. e3 e6 6. Bb5 Bb7 7. Ne5 Rc8 8. Nxc6 Bxc6 9. Bxc6+ Nd7 10. 0-0 Bd6 11. Qg4 Bxf4 12. Qxf4 0-0 13. Nb5 a6 14. Na7 Rb8 15. Ba4 b5 16. Nc6 Qc8 17. Ne7+ Kh8 18. Nxc8 1-0